Természetfilozófia
Elmentve itt :
| Szerző: | |
|---|---|
| Adatforrás: | Philobibl |
| Forrásdokumentuma: | Athenaeum 1942/4 383-416. p. |
| Dokumentumtípus: | Cikk |
| Nyelv: | magyar |
| LEADER | 00292nab a2200109 c 4500 | ||
|---|---|---|---|
| 001 | bibDOK00012528 | ||
| 005 | 20200924120755.4 | ||
| 008 | 060518s1942 xx hun | ||
| 100 | 1 | |a Ortvay, Rudolf | |
| 245 | 1 | 0 | |a Természetfilozófia |c Ortvay, Rudolf |
| 500 | |a vitaülés | ||
| 773 | 0 | |t Athenaeum 1942/4 |g 383-416. p. | |